000 00308nam a22001337a 4500
008 170307b xxu||||| |||| 00| 0 eng d
020 _a9780072907551
041 _aeng
080 _23RD
_a611
100 _a6
101 _aSHM
245 _aLABORATORY ATLAS OF ANATOMY AND PHYSIOLOGY
_cEDER
942 _2udc
_cBK
999 _c6974
_d6974